01098mam a2200205 a 4500020001500000082001500015100003100030245004400061250001200105260003800117300006100155500002000216500006200236520038300298526003700681650004800718942001200766999001900778952009500797 a006017270300a923.1bTHA1 aThatcher, Margaret.94613414aThe path to power /cMargaret Thatcher. a1st ed. aNew York :bHarperCollins,c1995. axiv, 656 p., [40] p. of plates :bill., ports. ;c25 cm. aIncludes index. aOriginally published: United Kingdom : HarperCollins U.K. aIn The Downing Street Wars, Margaret Thatcher gave her own account of her prime ministership from 1979 to 1990. That book justly became a bestseller all over the world. Now, in The Path to Power, she writes for the first time about her personal life, about the formation of her character and values, and about the training and experiences which led to the 1979 election victory. a0b0c0d923_100000000000000_THA 0aWomen prime ministerszGreat Britain946135 2ddccBK c549478d549478 00102ddc4070aMCEbMCEd2014-09-25l0o923.1 THApMCE-44387r2014-09-25w2014-09-25yBK